Mocha Dick. La leyenda de la ballena blanca
Gardado en:
| Autor Principal: | |
|---|---|
| Outros autores: | |
| Formato: | Unknown |
| Publicado: |
Santiago, Chile:
Planeta,
2023.
|
| Edición: | Decimocuarta edición en Planeta Cómic. |
| Series: | Planeta Comic.
|
| Subjects: | |
| Tags: |
Engadir etiqueta
Sen Etiquetas, Sexa o primeiro en etiquetar este rexistro!
|
MARC
| LEADER | 00000 a2200000 4500 | ||
|---|---|---|---|
| 003 | CL-VaPUC | ||
| 005 | 20240514153636.0 | ||
| 008 | 230608t2023 ||||| |||| 00| 0 eng d | ||
| 999 | |c 441105 |d 441103 | ||
| 020 | |a 978-956-360-117-6 | ||
| 040 | |c Pontificia Universidad Católica de Valparaíso | ||
| 082 | 7 | |a 741.5983 ORT 2023 |2 22 | |
| 100 | |a Ortega, Francisco |9 882876 |e autor | ||
| 245 | |a Mocha Dick. |b La leyenda de la ballena blanca | ||
| 250 | |a Decimocuarta edición en Planeta Cómic. | ||
| 260 | |a Santiago, Chile: |b Planeta, |c 2023. | ||
| 300 | |a 151 páginas; ilustraciones. | ||
| 490 | |a Planeta Comic. | ||
| 583 | |k GC |c 20230608 | ||
| 650 | 0 | |a Novela gráfica |9 561356 | |
| 650 | 0 | |a Cómics, historietas, etc. |9 878275 |x Literatura juvenil chilena | |
| 700 | |a Martínez, Gonzalo |e asistente de arte |9 882918 | ||
| 942 | |2 ddc |c BK | ||
| 952 | |0 0 |1 0 |2 ddc |4 0 |6 741_598300000000000_ORT_2023 |7 0 |8 R |9 590464 |a BIBEDU |b BIBEDU |c MCIRC |d 2023-06-08 |e 3 |g 11538.00 |i 5657758 |l 2 |m 1 |o 741.5983 ORT 2023 |p 5657758 |r 2024-10-23 |s 2024-10-22 |t 1 |v 11538.00 |w 2023-06-08 |y BK_R |k LIT | ||